Pilotes de F1 sans voyelles - Statistiques

Statistiques générales
  • Ce quiz a été pris 57 fois
  • Le résultat moyen est 16 sur 20
Statistiques - réponses
Indices Réponses % Correct
LWS HMLTN Lewis Hamilton
100%
CHRLS LCLRC Charles Leclerc
96%
MX VRSTPPN Max Verstappen
96%
MCHL SCHMCHR Michael Schumacher
96%
SBSTN VTTL Sebastian Vettel
94%
LN PRST Alain Prost
90%
LND NRRS Lando Norris
90%
RTN SNN Ayrton Senna
88%
SRG PRZ Sergio Pérez
86%
FRNND LNS Fernando Alonso
84%
NC RSBRG Nico Rosberg
84%
PRR GSL Pierre Gasly
82%
KM RKKNN Kimi Räikkönen
80%
NK LD Niki Lauda
80%
KVN MGNSSN Kevin Magnussen
78%
FLP MSS Felipe Massa
76%
STBN CN Esteban Ocon
68%
DVD CLTHRD David Coulthard
60%
MK HKKNN Mika Häkkinen
60%
JCK CKX Jacky Ickx
54%
Aucun quiz correspondant
Distribution des résultats
% des personnes avec chaque résultat
Percentile par nombre de réponses
Votre historique - résultats
Vous n’avez pas pris ce quiz